| 000 | 01477cam a2200325 a 4500 | ||
|---|---|---|---|
| 001 | 472 | ||
| 005 | 20230425140553.0 | ||
| 008 | 050303s2004 nyuab b 000 1 eng d | ||
| 020 | _a0439559715 (pbk.) | ||
| 040 |
_aEOW _cEOW _dDLC |
||
| 050 | 0 | 0 |
_aPZ7 _b.F1195 2004 |
| 082 | 0 | 0 |
_a853.92 _222 |
| 100 | 1 | _aStilton, Geronimo. | |
| 245 | 1 | 2 |
_aA fabumouse vacation for Geronimo / _cGeronimo Stilton ; [illustrations by Larry Keys]. |
| 260 |
_aNew York : _bScholastic. _c2004. |
||
| 300 |
_a112 pages : _billustrations, maps ; _c20 cm. |
||
| 500 | _a"English translation... by Edizioni Piemme S.p.A."--T.p. verso. | ||
| 500 | _aIncludes games and handicrafts activity insert. | ||
| 505 | _aH | ||
| 520 | _aEnter the world of Geronimo Stilton, where another funny adventure is always right around the corner. Each book is a fast-paced adventure with lively art and a unique format kids 7-10 will love.Sometimes a busy businessmouse like me needs a nice, relaxing vacation. But of all the rotten rats' luck -- every time I tried to get away, disaster struck. My aunt Dizzy Fur's mouse hole caught on fire, my office was flooded, and our printing press broke down! | ||
| 521 | 0 |
_a530
_bLexile |
|
| 521 | 1 |
_aH
_bRaz-Plus |
|
| 650 | 0 |
_aMice _vJuvenile fiction. |
|
| 650 | 1 |
_aMice _vFiction. |
|
| 650 | 1 |
_aVacations _vFiction. |
|
| 650 | 1 |
_aJournalists _vFiction. |
|
| 650 | 1 | _aHumorous stories. | |
| 906 |
_a7 _bcbc _ccopycat _d2 _encip _f20 _gy-gencatlg |
||
| 942 |
_2ddc _cBK _n0 |
||
| 999 |
_c472 _d472 |
||